Some inferences in a component of variance model using preliminary tests of significance (Record no. 20554)

MARC details
000 -LEADER
fixed length control field 00464nam a2200157Ia 4500
082 ## - DEWEY DECIMAL CLASSIFICATION NUMBER
Classification number TS.0625
100 ## - MAIN ENTRY--AUTHOR NAME
Personal name Srivastava, Rajendra Kumar
245 #0 - TITLE STATEMENT
Title Some inferences in a component of variance model using preliminary tests of significance
260 ## - PUBLICATION, DISTRIBUTION, ETC. (IMPRINT)
Year of publication 1972
Name of publisher University of Lucknow
300 ## - PHYSICAL DESCRIPTION
Number of Pages 156p. + C D - 57
650 ## - SUBJECT ADDED ENTRY--TOPICAL TERM
Topical Term INFERENCE
650 ## - SUBJECT ADDED ENTRY--TOPICAL TERM
Topical Term ANALYSIS OF VARIANCE
650 ## - SUBJECT ADDED ENTRY--TOPICAL TERM
Topical Term STATISTICAL HYPOTHESIS TESTING
710 ## - ADDED ENTRY--CORPORATE NAME
Corporate name or jurisdiction name as entry element Roy, A.R.
942 ## - ADDED ENTRY ELEMENTS (KOHA)
Koha item type Thesis
Source of classification or shelving scheme Dewey Decimal Classification
Holdings
Withdrawn status Lost status Damaged status Not for loan Home library Current library Date acquired Full call number Accession Number Price effective from Koha item type
        NASSDOC Library NASSDOC Library 08/10/2004 TS.0625 9041 18/04/2019 Thesis